Životný cyklus podniku - zdroje rastu podniku bakalárska práca

Gespeichert in:
Bibliographische Detailangaben
1. Verfasser: Machavová, Michaela
Körperschaft: Fakulta podnikového manažmentu EU. Katedra podnikovohospodárska
Weitere Verfasser: Hlaváčiková, Jana
Format: Buch
Sprache:Slowakisch
Veröffentlicht: Bratislava 2015
Tags: Tag hinzufügen
Keine Tags, Fügen Sie das erste Tag hinzu!

MARC

LEADER 00000nbm a2200000 4500
001 0202933
005 20161212102249.8
041 0 |a slo 
044 |a SK 
245 1 0 |a Životný cyklus podniku - zdroje rastu podniku  |b bakalárska práca  |c Michaela Machavová ; školiteľ: Jana Hlaváčiková 
264 1 |a Bratislava  |c 2015 
300 |a 49 s. 
100 1 |a Machavová, Michaela 
700 1 |a Hlaváčiková, Jana 
710 2 |a Fakulta podnikového manažmentu EU. Katedra podnikovohospodárska